00588nam a22001697a 4500003000900000008004100009040007100050082001800121100002300139245005700162260002900219300002800248440002700276505006600303650001100369700003800380AR-CdUCM190514b ||||| |||| 00| 0 spa d aMUNICIPALIDAD PROVINCIAL DEL CUSCOcBIBLIOTECA MUNICIPAL DEL CUSCO a943.86 /bB23 aBarrés, Philippe aLa verdad sobre Alemania :bbajo la ola hitlerista / aChile :bErcilla,c1934. a118 páginas ;c23 cm. aBiblioteca Ercillan23 aContenido: El alma nacional socialista -- Comienzo del reino. aHitler aEspinosa, Januario (traducción)